000 00707nam a22002057a 4500
999 _c11519
_d11519
003 AR-CdUCM
008 190404b ||||| |||| 00| 0 spa d
040 _aMUNICIPALIDAD PROVINCIAL DEL CUSCO
_cBIBLIOTECA MUNICIPAL DEL CUSCO
082 _aEP / 468.6 /
_bZ35
100 _aZapata Santillana, Everardo
_927530
245 _aRolando y Rocío 5, quinto grado :
_bTaller de comprensión lectora /
260 _aLima :
_bEds. Navarrete,
_c1996.
300 _a192 paginas ;
_bIlustraciones,
_c27 cm.
505 _aContenido :Libro de lectura /
650 _aTextos escolares
_94527
650 _aComprensión de lectura
_93320
650 _aCuadernos de trabajo
_93321
942 _2ddc
_cLIBROS
945 _arjall